[Event "Limba Open A"]
[Site "Poronin"]
[Date "2021.05.28"]
[Round "9.25"]
[White "Nowak, Adam"]
[Black "Laszczuk, Zuzanna"]
[Result "1-0"]
[LiveChessVersion "1.4.8"]
[BlackElo "1325"]
[WhiteElo "1385"]

1. c4 {[%clk 1:30:56]} e5 {[%clk 1:30:46]} 2. g3 {[%clk 1:31:23]} Nc6
{[%clk 1:30:36]} 3. Bg2 {[%clk 1:31:35]} g6 {[%clk 1:30:40]} 4. Nc3
{[%clk 1:31:34]} Bg7 {[%clk 1:30:12]} 5. d3 {[%clk 1:31:15]} Nge7
{[%clk 1:29:31]} 6. e4 {[%clk 1:31:19]} O-O {[%clk 1:28:04]} 7. Nge2
{[%clk 1:31:40]} d6 {[%clk 1:27:08]} 8. O-O {[%clk 1:31:56]} Be6 {[%clk 1:23:29]}
9. h3 {[%clk 1:25:12]} Qd7 {[%clk 1:22:48]} 10. Kh2 {[%clk 1:24:18]} h6
{[%clk 1:22:02]} 11. Be3 {[%clk 1:23:55]} Kh7 {[%clk 1:21:39]} 12. Qd2
{[%clk 1:20:25]} f5 {[%clk 1:20:41]} 13. Nd5 {[%clk 1:19:20]} Nd8
{[%clk 1:14:30]} 14. f4 {[%clk 1:14:25]} c6 {[%clk 1:12:31]} 15. Ndc3
{[%clk 1:10:56]} d5 {[%clk 1:09:55]} 16. exd5 {[%clk 1:05:19]} cxd5
{[%clk 1:10:14]} 17. fxe5 {[%clk 0:58:56]} dxc4 {[%clk 1:09:47]} 18. d4
{[%clk 0:58:16]} Bd5 {[%clk 1:08:27]} 19. Nf4 {[%clk 0:53:30]} Bxg2
{[%clk 1:07:47]} 20. Qxg2 {[%clk 0:52:49]} Rc8 {[%clk 1:03:28]} 21. Rad1
{[%clk 0:44:28]} Ndc6 {[%clk 1:00:59]} 22. Rfe1 {[%clk 0:40:32]} a6
{[%clk 0:57:48]} 23. Na4 {[%clk 0:38:50]} Nxe5 {[%clk 0:55:52]} 24. Nb6
{[%clk 0:38:12]} Qc6 {[%clk 0:55:37]} 25. dxe5 {[%clk 0:36:22]} Qxg2+
{[%clk 0:53:17]} 26. Kxg2 {[%clk 0:36:18]} Rc6 {[%clk 0:53:11]} 27. Rd7
{[%clk 0:31:24]} Ng8 {[%clk 0:52:25]} 28. Bd4 {[%clk 0:24:23]} 1-0